| 000 | 00659nam a22002057i 4500 | ||
|---|---|---|---|
| 003 | URS | ||
| 005 | 20220114152732.0 | ||
| 008 | 181027b xxu||||| |||| 00| 0 eng d | ||
| 040 |
_erda _cURSP-Library _beng |
||
| 100 | 1 | _aHarris, Diana Dart | |
| 245 | 1 | 0 |
_aBeginning musical theatre dance _cDiana Dart Harris |
| 264 | 1 |
_aUnited States _bHuman Kinetics _c2016 |
|
| 300 |
_axi, 113pages _bcolourill: _c22cm |
||
| 336 |
_atext _btxt _2rdacontent |
||
| 337 |
_aunmediated _bn _2rdamedia |
||
| 338 |
_avolume _bnc _2rdacarrier |
||
| 500 | _aIncludes webography. Includes bibliographical references and index. | ||
| 650 | 0 | _adance--study and teaching. | |
| 942 |
_2lcc _cFR |
||
| 999 |
_c7392 _d7392 |
||